000 00420nam a2200193Ia 4500
001 14445
003 GE_BSU
008 181216s||||||||xx |||||||||||||| ||und||
040 _cGE_BSU
080 _a821.111-31
100 _aWodehouse,P.G.
245 _aJeeves in the Offing
260 _aLondon
260 _bPenguin Books
260 _c1960
300 _a173p.18cm.
653 _aJeeves in the Offing
942 _cBK
999 _c47579
_d47579